Praktisches Lehrbuch der Datenverarbeitung

Gespeichert in:
Bibliographische Detailangaben
1. Verfasser: Jamin, Klaus
Weitere Verfasser: Brenneis, Franz-Josef
Format: Buch
Sprache:Deutsch
Veröffentlicht: Landsberg am Lech Moderne Industrie 1988
Ausgabe:5. überarb. und erw. Aufl.
Schlagworte:
Tags: Tag hinzufügen
Keine Tags, Fügen Sie das erste Tag hinzu!

MARC

LEADER 00000nam a2200000 4500
001 c010218
005 20221206134501.5
020 |a 3-478-39415-5 
041 0 |a ger 
044 |a DE 
245 1 0 |a Praktisches Lehrbuch der Datenverarbeitung  |c Klaus Jamin, Franz-Josef Brenneis 
250 |a 5. überarb. und erw. Aufl. 
264 1 |a Landsberg am Lech  |b Moderne Industrie  |c 1988 
300 |a 342 s. 
610 2 0 |a spracovanie dát 
610 2 0 |a ochrana dát 
610 2 0 |a počítače osobné 
610 2 0 |a pamäť počítača 
610 2 0 |a programovanie 
610 2 0 |a personál 
610 2 0 |a analýza systémová 
610 2 0 |a dáta 
100 1 |a Jamin, Klaus 
700 1 |a Brenneis, Franz-Josef